<?xml version="1.0" encoding="UTF-8"?><?xml-stylesheet type="text/xsl" href="static/style.xsl"?><OAI-PMH xmlns="http://www.openarchives.org/OAI/2.0/" xmlns:xsi="http://www.w3.org/2001/XMLSchema-instance" xsi:schemaLocation="http://www.openarchives.org/OAI/2.0/ http://www.openarchives.org/OAI/2.0/OAI-PMH.xsd"><responseDate>2026-05-12T07:48:53Z</responseDate><request verb="GetRecord" identifier="oai:riubu.ubu.es:10259/5415" metadataPrefix="marc">https://riubu.ubu.es/oai/request</request><GetRecord><record><header><identifier>oai:riubu.ubu.es:10259/5415</identifier><datestamp>2021-11-02T12:32:25Z</datestamp><setSpec>com_10259_2699</setSpec><setSpec>col_10259_2713</setSpec></header><metadata><record xmlns="http://www.loc.gov/MARC21/slim" xmlns:doc="http://www.lyncode.com/xoai" xmlns:xsi="http://www.w3.org/2001/XMLSchema-instance" xmlns:dcterms="http://purl.org/dc/terms/" xsi:schemaLocation="http://www.loc.gov/MARC21/slim http://www.loc.gov/standards/marcxml/schema/MARC21slim.xsd">
<leader>00925njm 22002777a 4500</leader>
<datafield tag="042" ind1=" " ind2=" ">
<subfield code="a">dc</subfield>
</datafield>
<datafield tag="720" ind1=" " ind2=" ">
<subfield code="a">Assunçâo, Jeneffer Araújo de</subfield>
<subfield code="e">author</subfield>
</datafield>
<datafield tag="260" ind1=" " ind2=" ">
<subfield code="c">2019</subfield>
</datafield>
<datafield tag="520" ind1=" " ind2=" ">
<subfield code="a">La investigación realizada en esta tesis presupone que el proceso enseñanza aprendizaje debe estar fundamentado en bases científicas de la psicología cognitiva, con una metodología para que el profesor conduzca el proceso docente y con particularidades de didácticas específicas. La cuestión norteadora de la investigación fue : La implementación de una estrategia de resolución de problemas, fundamentada en la teoría del aprendizaje significativo de Ausubel, como metodología de enseñanza posibilitará a estudientes del 1er año de Enseñanza Media aprender significativamente el contenido de función ?La planificación ha contemplado como metodología la estrategia de resolución de problemas, juntamente con la teoría de Ausubel que ha dado aportes a la organización del plan de acción, del guión de observación y de la secuencia didáctica. El objetivo de la investigación fue analisar la efectividad de la estrategia de resolución de problemas (ERP) como metodología de enseñanza fundamentada en la teoría ausubeliana, buscando evidencias de aprendizaje significativo de los estudiantes.</subfield>
</datafield>
<datafield tag="520" ind1=" " ind2=" ">
<subfield code="a">This research was based on the assumption that the teaching-learning process must be based on the scientific foundations of cognitive psychology. It assumed that the teacher had a methodology that agreed with specific didactical features. The guiding question here was: Problem Solving as a teaching methodology based on the theoretical framework of Ausubel’s Meaningful Learning Theory can favor meaningful learning of the content function in those high school students? In answer to this question, the objective was to analyze the teaching-learning process using the problem-solving methodology while teaching the content function  with the Meaningful Learning Theory approach. Its planning stage involved problem-solving strategies in the viewpoint of Ausubel`s theory that offered its support to the action planning organization, observation guidelines, and didactic sequencing.</subfield>
</datafield>
<datafield tag="024" ind2=" " ind1="8">
<subfield code="a">http://hdl.handle.net/10259/5415</subfield>
</datafield>
<datafield tag="024" ind2=" " ind1="8">
<subfield code="a">10.36443/10259/5415</subfield>
</datafield>
<datafield ind1=" " ind2=" " tag="653">
<subfield code="a">Aprendizaje significativo</subfield>
</datafield>
<datafield ind1=" " ind2=" " tag="653">
<subfield code="a">Enseñanza y aprendizaje del concepto de función</subfield>
</datafield>
<datafield ind1=" " ind2=" " tag="653">
<subfield code="a">Estrategia de Resolución de Problemas</subfield>
</datafield>
<datafield ind1=" " ind2=" " tag="653">
<subfield code="a">Teoría de Ausubel</subfield>
</datafield>
<datafield ind1=" " ind2=" " tag="653">
<subfield code="a">Psicología cognitiva</subfield>
</datafield>
<datafield ind1=" " ind2=" " tag="653">
<subfield code="a">Meaningful learning</subfield>
</datafield>
<datafield ind1=" " ind2=" " tag="653">
<subfield code="a">Teaching and learning the concept of function</subfield>
</datafield>
<datafield ind1=" " ind2=" " tag="653">
<subfield code="a">Polynomial function</subfield>
</datafield>
<datafield ind1=" " ind2=" " tag="653">
<subfield code="a">Problem Solving Strategy</subfield>
</datafield>
<datafield ind1=" " ind2=" " tag="653">
<subfield code="a">Ausubel`s theory</subfield>
</datafield>
<datafield ind1=" " ind2=" " tag="653">
<subfield code="a">Cognitive psychology</subfield>
</datafield>
<datafield tag="245" ind1="0" ind2="0">
<subfield code="a">Proposta, implementaçâo e avaliaçâo de uma metodologia de ensino no conteúdo de funçâo, utilizando uma estratégia de resoluçâo de problemas fundamentada na teoria da aprendizagem significativa de Ausubel</subfield>
</datafield>
</record></metadata></record></GetRecord></OAI-PMH>